Vegetación de las zonas media y baja del transecto Parque los Nevados (Registro nro. 10811)

Detalles MARC
000 -CABECERA
Campo de control 006250000a22001930004500
090 ## - CLASIFICACIÓN LOCAL
Colección AR
Consecutivo 01732
041 0# - IDIOMA
Código de idioma para texto/pista de sonido o título separado
100 1# - ASIENTO PRINCIPAL--NOMBRE PERSONAL
Nombre personal Rangel Ch., J. Orlando
245 10 - MENCION DE TITULO
Título Vegetación de las zonas media y baja del transecto Parque los Nevados
650 14 - ASIENTO SECUNDARIO DE MATERIA - TERMINO TEMATICO
Término temático o nombre geográfico como elemento de entrada Fitosociología
650 14 - ASIENTO SECUNDARIO DE MATERIA - TERMINO TEMATICO
Término temático o nombre geográfico como elemento de entrada Vegetación
650 14 - ASIENTO SECUNDARIO DE MATERIA - TERMINO TEMATICO
Término temático o nombre geográfico como elemento de entrada Botánica
650 14 - ASIENTO SECUNDARIO DE MATERIA - TERMINO TEMATICO
Término temático o nombre geográfico como elemento de entrada Ecología
651 #4 - ASIENTO SECUNDARIO DE MATERIA - NOMBRE GEOGRAFICO
-- Parque Nacional Natural Los Nevados
-- Risaralda, Quindio, Tolima
-- Colombia
700 1# - ASIENTO SECUNDARIO - NOMBRE PERSONAL
Nombre personal Cleef, Antoine M.
700 1# - ASIENTO SECUNDARIO - NOMBRE PERSONAL
Nombre personal Salamanca V., Sonia
773 1# - Item fuente:
Título Preprint
Especificación de materiales 3
Paginas del Articulo 190-218
Lugar, editorial y fecha de publicación 1990?
942 ## - ELEMENTOS ADICIONALES (KOHA)
Tipo de ítem Artículo
Existencias
Withdrawn status Lost status Damaged status No para préstamo Colección Ubicación Permanente Ubicación actual Fecha de adquisición Datos de publicación Seriada Total Checkouts Número topográfico Inventario / Código de Barras Date last seen Ejemplar Price effective from Forma de adquisición Tipo de material
      No para Préstamo Hemeroteca Bogotá Bogotá 27/02/2015 Fuera de circulación   AR 01732 013824 25/03/2015 1 25/03/2015   Artículo